When worlds collide /

Bibliographic Details
Main Author: Balmer, Edwin, 1883-1959
Other Authors: Wylie, Philip, 1902-1971
Format: Book
Language:English
Published: New York : Frederick A. Stokes Co., 1933.
Subjects:

MARC

Tag First Indicator Second Indicator Subfields
LEADER 00000cam a2200000 4500
001 in00000038179
005 20160912164659.0
008 751211s1933 nyu 00011 eng
010 |a  33007382  
035 |a (OCoLC)01891133 
035 |9 AAF5528AM 
040 |a DLC  |c GPM  |d TXA  |d UtOrBLW 
049 |a TXAM [Also in] [Sp Coll]  |c 1 [426606]  |a TXAS  |c 2 [1102221] 
050 0 0 |a PZ3.B2168  |b Wh 
050 4 |a PZ3.B2168  |b Wh  |a PS3503.A55813 
090 |a PS3545.Y46  |b W33 1933b 
100 1 |a Balmer, Edwin,  |d 1883-1959. 
245 1 0 |a When worlds collide /  |c by Edwin Balmer and Philip Wylie. 
264 1 |a New York :  |b Frederick A. Stokes Co.,  |c 1933. 
300 |a viii, 344 pages ;  |c 20 cm. 
336 |a text  |b txt  |2 rdacontent 
337 |a unmediated  |b n  |2 rdamedia 
338 |a volume  |b nc  |2 rdacarrier 
650 0 |a Scientists  |v Fiction. 
650 0 |a Science fiction. 
700 1 |a Wylie, Philip,  |d 1902-1971. 
999 |a MARS 
999 f f |s 70e9636c-3f14-32a7-880c-13963d0f47a6  |i fbd9f46f-c1b5-308a-8126-dc3a434841a2  |t 0 
952 f f |p normal  |a Texas A&M University  |b College Station  |c Sterling C. Evans Library  |s Evans stk  |d Evans: Library Stacks  |t 0  |e PZ3.B2168 Wh  |h Library of Congress classification  |i unmediated -- volume  |m A14804198357 
998 f f |a PZ3.B2168 Wh  |t 0  |l Evans: Library Stacks